| 000 | 004170000a22001570004500 | ||
|---|---|---|---|
| 001 | 004752 | ||
| 003 | MACL | ||
| 040 | _aMACL | ||
| 090 |
_c16745 _d16744 |
||
| 100 | _aRoy, M.N. | ||
| 245 |
_aThe Historical Role Of Islam _bOn The Occasion Of Khuda Baksh seminar On Indic perception Of Islam And Muslim _cM.N. Roy |
||
| 260 |
_aKhuda Baksh Publicity, _c1996 |
||
| 350 | _a50 | ||
| 650 | _aReligion | ||
| 942 |
_k297 _cBook |
||
| 999 |
_c16638 _d16638 |
||